书目信息 |
| 题名: |
成功的意义
|
|
| 作者: | 李莉 , 滕浩 , 王静 编著 | |
| 分册: | ||
| 出版信息: | 北京 当代世界出版社 2001.12 |
|
| 页数: | 433页 | |
| 开本: | 21cm | |
| 丛书名: | ||
| 单 册: | ||
| 中图分类: | B848.4 | |
| 科图分类: | ||
| 主题词: | 成功心理学 | |
| 电子资源: | ||
| ISBN: | 7-80115-456-8 | |
| 000 | 00767nam0 2200253 45 | |
| 001 | 012004000000 | |
| 005 | 20041010110323.29 | |
| 010 | @a7-80115-456-8@dCNY 23.80 | |
| 100 | @a20040630d2001 em y0chiy0121 ea | |
| 101 | 0 | @achi |
| 102 | @aCN@b110000 | |
| 105 | @ay z 000yy | |
| 200 | 1 | @a成功的意义@Acheng gong de yi yi@dSignificance of success@e让追求成功变成生活方式@f李莉, 滕浩, 王静编著@zeng |
| 210 | @a北京@c当代世界出版社@d2001.12 | |
| 215 | @a433页@d21cm | |
| 510 | 1 | @aSignificance of success@zeng |
| 517 | 1 | @a让追求成功变成生活方式 |
| 606 | 0 | @a成功心理学 |
| 690 | @aB848.4@v4 | |
| 701 | 0 | @a李莉@Ali li@4编著 |
| 701 | 0 | @a滕浩@Ateng hao@4编著 |
| 701 | 0 | @a王静@Awang jing@4编著 |
| 801 | 0 | @aCN@bQSSK@c20041010 |
| 905 | @a10447@dB848.4@eL203 | |
| 成功的意义=Significance of success:让追求成功变成生活方式/李莉, 滕浩, 王静编著.-北京:当代世界出版社,2001.12 |
| 433页;21cm |
| ISBN 7-80115-456-8:CNY 23.80 |
| ● |
| 相关链接 |
|
|
|
正题名:成功的意义
索取号:B848.4/L203
 
预约/预借
| 序号 | 登录号 | 条形码 | 馆藏地/架位号 | 状态 | 备注 |
| 1 | 398546 | 203985465 | 社科库509/422社科库 44排3列5层/ [索取号:B848.4/L203] | 在馆 | |
| 2 | 398547 | 203985474 | 社科库509/ [索取号:B848.4/L203] | 在馆 | |
| 3 | 398548 | 203985483 | 社科库509/509社科库 44排4列2层/ [索取号:B848.4/L203] | 在馆 |